000
00497nam a2200169Ia 4500
008
090124s9999 xx 000 0 und d
082
_b
30764
_a
7329
100
_a
आपटे हरि नारायण
245
_a
वज्राघात
250
_a
0
300
_a
204
600
_a
आपटे हरि नारायण
630
_a
वज्राघात
700
_a
आपटे हरि नारायण
730
_a
वज्राघात
942
_c
BOOK
999
_c
144244
_d
144244